000 00321nam a22001217a 4500
008 260601b |||||||| |||| 00| 0 eng d
082 _a001842
100 _aNagasampige, A V
245 _aSarvamulasabda Nighantuh Vol No 01
260 _aBangalore
_bPoornaprajna Samshodhana Mandiram
_c2002
300 _a558p
942 _2ddc
999 _c1510
_d1510